Diccionario ilustrado de la lengua española: Aristos Jr

Guardat en:
Dades bibliogràfiques
Format: Llibre
Idioma:espanyol
Publicat: Santiago Sopena Libertad S. A 2008
Edició:1a. ed
Matèries:
Etiquetes: Afegir etiqueta
Sense etiquetes, Sigues el primer a etiquetar aquest registre!

MARC

LEADER 00000cam a2200000 a 4500
001 UCE2673
003 CL-VaPUC
008 140717e20080000cl |||||||||||||||||spa|d
082 0 4 |a 463  |b DIC  |2 21 
245 1 0 |a Diccionario ilustrado de la lengua española: Aristos Jr 
250 |a 1a. ed 
300 |a 480 p 
942 |c BK 
945 |d 20140717 11:12:00  |a dcastane 
260 |a Santiago  |b Sopena Libertad S. A  |c 2008 
650 0 |a Español  |9 255372 
650 0 |a Diccionarios  |9 256200 
583 |a last modification  |c 20140717 11:12:00  |k Rodrigo Vera 
999 |c 356248  |d 356246